LIBRARY & INFORMATION CENTRE, KCAET, TAVANUR

ONLINE PUBLIC ACCESS CATALOGUE (OPAC)

Aniyara / (Record no. 4244)

MARC details
000 -LEADER
fixed length control field 00379cam a2200169ua 4500
041 ## - LANGUAGE CODE
Language code of text/sound track or separate title mal
082 ## - DEWEY DECIMAL CLASSIFICATION NUMBER
Classification number 894.812308
Item number URO/AN
100 ## - MAIN ENTRY--AUTHOR NAME
Personal name Uroob, .
245 ## - TITLE STATEMENT
Title Aniyara /
260 ## - PUBLICATION, DISTRIBUTION, ETC. (IMPRINT)
Place of publication Thrissur :
Name of publisher Current Books ,
Year of publication 1967.
300 ## - PHYSICAL DESCRIPTION
Number of Pages 108 ; .
942 ## - ADDED ENTRY ELEMENTS (KOHA)
Koha item type Books
Holdings
Withdrawn status Lost status Damaged status Home library Current library Date acquired Full call number Accession Number Koha item type
      KAUAET KAUAET 07/04/2012 894.812308 10281 Books
Withdrawn     KAUAET KAUAET 18/01/2021 894.812308 URO/AN 1636 Books
Withdrawn     KAUAET KAUAET 02/02/2021 894.812308 URO/AN 7932 Books
free website counter